Burza rozvíjí prozatímní sekundární trh

Zmeny na kapitálovom trhu, vznik nových subjektov, zmena štruktúry a rozsahu kapitálových operácií v roku 1993. Uskutočňovanie obchodných transakcií dočasným systémom obchodovania. Investovanie v rôznych úsekoch ekonomického cyklu.

Uložené v:
Podrobná bibliografia
Hlavný autor: Budík, Jan
Médium: Kapitola
Jazyk:Czech
Predmet:
Tagy: Pridať tag
Žiadne tagy, Buďte prvý, kto otaguje tento záznam!

MARC

LEADER 00000naa a2200000 4500
001 r017376
005 20221213082634.0
041 0 |a cze 
044 |a CZ 
245 1 0 |a Burza rozvíjí prozatímní sekundární trh  |c J. Budík 
520 |a Zmeny na kapitálovom trhu, vznik nových subjektov, zmena štruktúry a rozsahu kapitálových operácií v roku 1993. Uskutočňovanie obchodných transakcií dočasným systémom obchodovania. Investovanie v rôznych úsekoch ekonomického cyklu. 
610 2 0 |a trh kapitálový 
610 2 0 |a zmeny štruktúrne 
610 2 0 |a Česko 
610 2 0 |a 1993 
610 2 0 |a operácie obchodné 
610 2 0 |a aukcie 
610 2 0 |a papiere cenné 
610 2 0 |a 1990-1991 
610 2 0 |a investovanie 
100 1 |a Budík, Jan